| 000 | 00000nam##2200000za#4500 |
| 001 | 9.607615 |
| 003 | CaOODSP |
| 005 | 20210624213220 |
| 007 | cr ||||||||||| |
| 008 | 150406|1991||||xxc|||||o f|0| 0 fre|d |
| 040 | |aCaOODSP|bfre |
| 043 | |an-cn--- |
| 086 | 1 |aNH18-22/91-206F-PDF |
| 110 | 2 |aSociété canadienne d'hypothèques et de logement. |
| 245 | 10|aEfficacité d'un conduit raccordé directement à l'installation comme source de ventilation et d'air d'appoint / |h[ressource électronique] |
| 260 | |aOttawa - Ontario : |bSociété canadienne d'hypothèques et de logement |c[1991]. |
| 300 | |a3p.|bfigure |
| 490 | 1 |aLe point en recherche et développement; série technique|v91-206 |
| 500 | |aFichier reproduit à partir de l'original polycopié. |
| 590 | |a14-16-Supp|b2014-09-25 |
| 775 | 08|tEffectiveness of a hard-connected duct as a source of ventilation and make-up air |w(CaOODSP)9.557707 |
| 830 | #0|aLe point en recherche et développement; série technique ;|v91-206|w(CaOODSP)9.500900 |
| 856 | 40|ahttp://publications.gc.ca|qPDF|s294 Ko|uhttps://publications.gc.ca/collections/collection_2014/schl-cmhc/NH18-22-91-206-fra.pdf|y91-206 |